[Event "POL-chT3 Podkarpackie"]
[Site "Czudec"]
[Date "2016.05.29"]
[Round "4.17"]
[White "Szpar, Milosz"]
[Black "Zaskalski, Dawid"]
[Result "1-0"]
[WhiteElo "1956"]
[BlackElo "1911"]
[PlyCount "45"]
[EventDate "2016.05.27"]
[EventType "team-tourn"]
[EventRounds "9"]
[EventCountry "POL"]
[SourceTitle "EXT 2018"]
[Source "ChessBase"]
[SourceDate "2017.10.13"]
[SourceVersion "1"]
[SourceVersionDate "2017.10.13"]
[SourceQuality "1"]
[WhiteTeam "Czarna LKSz GCKiP"]
[BlackTeam "Mielec"]
[WhiteTeamCountry "POL"]
[BlackTeamCountry "POL"]

1. e4 e5 2. Nf3 Nc6 3. Bb5 a6 4. Ba4 Bc5 5. 0-0 d6 6. c3 b5 7. Bb3 Bg4 8. a4 Nf6 9. Re1 0-0 10. d3 h6 11. h3 Bh5 12. Nbd2 Ne7 13. Nf1 Bxf3 14. Qxf3 Ng6 15. axb5 axb5 16. Rxa8 Qxa8 17. Bxh6 Nxe4 18. Rxe4 gxh6 19. d4 Bb6 20. Ne3 Qa1+ 21. Kh2 Qxb2 22. Qf6 Nf4 23. Nf5 1-0

[Event "Krakow KKSz-ch"]
[Site "Krakow"]
[Date "2009.08.15"]
[Round "4"]
[White "Marczuk, Dominik"]
[Black "Zaskalski, Dawid"]
[Result "1-0"]
[WhiteElo "1867"]
[BlackElo "1869"]
[PlyCount "111"]
[EventDate "2009.08.12"]
[EventType "swiss"]
[EventRounds "9"]
[EventCountry "POL"]
[SourceTitle "CBM 132 Extra"]
[Source "ChessBase"]
[SourceDate "2009.11.03"]
[SourceVersion "1"]
[SourceVersionDate "2009.11.03"]
[SourceQuality "1"]

1. e4 e5 2. Nf3 Nc6 3. Bc4 Bc5 4. 0-0 Nf6 5. d3 d6 6. c3 a6 7. Bb3 Ba7 8. Nbd2 0-0 9. h3 Ne7 10. Re1 Ng6 11. Nf1 c6 12. d4 h6 13. Ng3 Be6 14. Be3 b5 15. a4 Qc7 16. axb5 axb5 17. Bxe6 fxe6 18. dxe5 dxe5 19. Qb3 Rfe8 20. Bxa7 Rxa7 21. Rxa7 Qxa7 22. Rd1 Qc5 23. Rd2 Nf4 24. Qb4 Qxb4 25. cxb4 Ng6 26. Rd6 Rc8 27. Rxe6 Kf7 28. Rd6 Rc7 29. Rd2 Ke6 30. Rc2 Nf4 31. Ne1 g6 32. f3 Nd7 33. Ne2 Nxe2+ 34. Rxe2 c5 35. bxc5 Nxc5 36. Rc2 Kd6 37. b4 Na6 38. Rxc7 Nxc7 39. Kf2 Ne6 40. Nd3 Nd4 41. g3 g5 42. h4 gxh4 43. gxh4 h5 44. Ne1 Ke6 45. Ke3 Nc6 46. Nc2 Ne7 47. f4 Kf6 48. fxe5+ Kxe5 49. Nd4 Ng6 50. Nf3+ Kd6 51. Kd4 Ne7 52. e5+ Kc6 53. Ke4 Kc7 54. Nd4 Kb6 55. e6 Ng6 56. Kf5 1-0

[Event "Krakow KKSz-ch"]
[Site "Krakow"]
[Date "2009.08.14"]
[Round "3"]
[White "Polek, Marek"]
[Black "Zaskalski, Dawid"]
[Result "0-1"]
[WhiteElo "1619"]
[BlackElo "1869"]
[PlyCount "78"]
[EventDate "2009.08.12"]
[EventType "swiss"]
[EventRounds "9"]
[EventCountry "POL"]
[SourceTitle "CBM 132 Extra"]
[Source "ChessBase"]
[SourceDate "2009.11.03"]
[SourceVersion "1"]
[SourceVersionDate "2009.11.03"]
[SourceQuality "1"]

1. e4 e5 2. Nf3 Nc6 3. d4 exd4 4. Bc4 Bc5 5. Ng5 Nh6 6. Nxf7 Nxf7 7. Bxf7+ Kxf7 8. Qh5+ g6 9. Qxc5 d5 10. Bf4 Re8 11. Nd2 dxe4 12. 0-0 Bf5 13. Rfe1 Qe7 14. Qxe7+ Rxe7 15. Nb3 b6 16. Rad1 Rd7 17. h3 h5 18. Rd2 Re8 19. Red1 d3 20. cxd3 exd3 21. Nc1 Red8 22. Bg5 Ne7 23. f3 Rd5 24. Bxe7 Kxe7 25. g4 hxg4 26. hxg4 Bc8 27. Kf2 Ba6 28. Ke3 Re5+ 29. Kf2 Rh8 30. Kg3 Rd5 31. Re1+ Kf6 32. f4 c5 33. Ne2 c4 34. Nc3 Rd4 35. Ne4+ Kg7 36. Ng5 Rd7 37. Ne6+ Kf6 38. f5 g5 39. Re4 Rdh7 0-1

[Event "Chojnice op-B 3rd"]
[Site "Chojnice"]
[Date "2007.07.18"]
[Round "7.6"]
[White "Zaskalski, Dawid"]
[Black "Marczuk, Dominik"]
[Result "1-0"]
[WhiteElo "1784"]
[BlackElo "1723"]
[PlyCount "83"]
[EventDate "2007.07.13"]
[EventType "swiss"]
[EventRounds "9"]
[EventCountry "POL"]
[SourceTitle "EXT 2023"]
[Source "ChessBase"]
[SourceDate "2022.10.05"]
[SourceVersion "1"]
[SourceVersionDate "2022.10.05"]
[SourceQuality "1"]

1. e4 c5 2. c3 d6 3. d4 cxd4 4. cxd4 Nf6 5. Nc3 g6 6. Nf3 Bg7 7. Bc4 Bg4 8. Qb3 0-0 9. Ng5 Qe8 10. Bxf7+ Rxf7 11. Nxf7 Qxf7 12. Qxb7 e6 13. Qxa8 Qc7 14. 0-0 Ne8 15. Nb5 Qb6 16. a4 Be2 17. Qxa7 Qxa7 18. Nxa7 Bxf1 19. Kxf1 Bxd4 20. Nb5 Bg7 21. Rb1 Na6 22. b4 Kf7 23. Na3 d5 24. b5 Nb8 25. a5 Nc7 26. exd5 Nxd5 27. a6 Bd4 28. Be3 Nxe3+ 29. fxe3 Bxe3 30. Nc4 Bc5 31. Ra1 Bd4 32. a7 Bxa7 33. Rxa7+ Kf6 34. Rb7 e5 35. Rxb8 Ke6 36. Rd8 e4 37. b6 e3 38. b7 g5 39. b8Q Ke7 40. Qd6+ Kf7 41. Rf8+ Kg7 42. Qf6# 1-0

[Event "Chojnice op-B 3rd"]
[Site "Chojnice"]
[Date "2007.07.17"]
[Round "5.5"]
[White "Zaskalski, Dawid"]
[Black "Sobolewski, Bartosz"]
[Result "1/2-1/2"]
[WhiteElo "1784"]
[BlackElo "1924"]
[PlyCount "46"]
[EventDate "2007.07.13"]
[EventType "swiss"]
[EventRounds "9"]
[EventCountry "POL"]
[SourceTitle "EXT 2023"]
[Source "ChessBase"]
[SourceDate "2022.10.05"]
[SourceVersion "1"]
[SourceVersionDate "2022.10.05"]
[SourceQuality "1"]

1. e4 e5 2. Nf3 Nc6 3. Bb5 a6 4. Bxc6 dxc6 5. 0-0 Qd6 6. d4 exd4 7. Nxd4 c5 8. Nb3 Qxd1 9. Rxd1 Be6 10. Bf4 Rc8 11. Nc3 Nf6 12. Nd5 Nxd5 13. exd5 Bf5 14. Re1+ Kd7 15. Na5 Bd6 16. Bxd6 cxd6 17. c3 b5 18. a4 Rhe8 19. axb5 Rxe1+ 20. Rxe1 axb5 21. Nc6 Re8 22. Ra1 Rc8 23. Ra7+ Rc7 1/2-1/2

[Event "Chojnice op-B 3rd"]
[Site "Chojnice"]
[Date "2007.07.16"]
[Round "4.10"]
[White "Wodzynski, Mieszko"]
[Black "Zaskalski, Dawid"]
[Result "0-1"]
[WhiteElo "1777"]
[BlackElo "1784"]
[PlyCount "76"]
[EventDate "2007.07.13"]
[EventType "swiss"]
[EventRounds "9"]
[EventCountry "POL"]
[SourceTitle "EXT 2023"]
[Source "ChessBase"]
[SourceDate "2022.10.05"]
[SourceVersion "1"]
[SourceVersionDate "2022.10.05"]
[SourceQuality "1"]

1. e4 e5 2. Nf3 Nc6 3. Bc4 Bc5 4. b4 Bb6 5. a4 a6 6. a5 Ba7 7. c3 Nf6 8. Qb3 0-0 9. d3 d6 10. 0-0 Qe7 11. Nbd2 Nh5 12. d4 exd4 13. Bb2 dxc3 14. Qxc3 Qf6 15. b5 Qxc3 16. Bxc3 axb5 17. Bxb5 Nd8 18. e5 c6 19. Bd3 Nf4 20. Ne1 d5 21. Kh1 Nxd3 22. Nxd3 Bf5 23. Nb4 d4 24. Bb2 Bc5 25. Na2 Rxa5 26. Nb3 Rb5 27. Nxd4 Rxb2 28. Nxf5 Rxf2 29. Rxf2 Bxf2 30. Nd6 f6 31. e6 Nxe6 32. Nxb7 Ra8 33. g3 Nf8 34. Nd6 c5 35. Nb5 Bd4 36. Nxd4 cxd4 37. Kg2 Ra3 38. Kf2 Ne6 0-1